Представление документа в формате MARC21

Поле Инд. ПП Название Значение
Тип записи a
Библиографический уровень m
001 _ Контрольный номер RU\infra-m\znanium\bibl\1852242
005 _ Дата корректировки 20250915104051.2
008 Кодируемые данные 230113s2022 RU g rus u
020 a ISBN 978-5-16-010074-6
020 a ISBN 978-5-16-101789-0
040 a Служба первич. каталог. Общество с ограниченной ответственностью «ЗНАНИУМ»
041 a Код языка текста rus
044 a Код страны публикации RU
080 a Индекс УДК 51-7(075.8)
084 2 Источник индекса rubbk
a Индекс другой классификации/Индекс ББК 22.1я73
084 2 Источник индекса okso
a Индекс другой классификации/Индекс ББК 01.03.01
084 2 Источник индекса okso
a Индекс другой классификации/Индекс ББК 38.03.01
084 2 Источник индекса okso
a Индекс другой классификации/Индекс ББК 01.03.04
100 1_ a Автор Бобрик Галина Ивановна
q Полное имя Галина Ивановна
245 a Заглавие Высшая математика для экономистов: сборник задач
b Продолж. заглавия Учебное пособие
c Ответственность Российский экономический университет им. Г.В. Плеханова; Российский экономический университет им. Г.В. Плеханова
250 g испр.
a Основные сведения об издании 3
260 a Место издания Москва
b Издательство ООО "Научно-издательский центр ИНФРА-М"
c Дата издания 2022
300 a Объем 539 с.
440 a Серия Высшее образование: Магистратура
520 a Аннотация В соответствии с учебной программой подготовки экономистов в сборник включены задачи по основным разделам общего курса высшей математики: аналитическая геометрия линейная алгебра математический анализ теория вероятностей математическая статистика линейное программирование. Специально выделен раздел посвященный применению аналитической геометрии и математического анализа в экономике. Во всех разделах приведены краткие теоретические сведения ряд задач снабжен решениями. Задачник содержит типовые практикумы с контрольными тестами.
521 a Примеч. о целев. назн. ВО - Бакалавриат
650 a Основная рубрика Физико-математические науки
x Основная подрубрика Основы высшей математики
700 1_ a Другие авторы Гринцевичюс Раймундас Клеопо
q Полное имя Раймундас Клеопо
700 1_ a Другие авторы Матвеев Владимир Иванович
q Полное имя Владимир Иванович
700 1_ a Другие авторы Рудык Борис Михайлович
q Полное имя Борис Михайлович
700 1_ a Другие авторы Сагитов Риф Вагизович
q Полное имя Риф Вагизович
700 1_ a Другие авторы Смагина Ольга Константиновна
q Полное имя Ольга Константиновна
700 1_ a Другие авторы Шершнев Владимир Григорьевич
q Полное имя Владимир Григорьевич
852 x Примечание, не предназначенное для пользователя znanium2023
856 4_ a Имя сервера/домена znanium.com
m Помощь ebs_support@infra-m.ru
n Местонахождение сервера НИЦ ИНФРА-М
u URL https://znanium.com/catalog/document?id=400011
z Примечание для пользователя Участвует в КО
856 41 a Имя сервера/домена znanium.com
d Путь /cover/1852
f Электронное имя 1852242.jpg
q Тип электронного формата image/jpeg
u URL https://znanium.com/cover/1852/1852242.jpg